000 01565nam a2200205Ia 4500
005 20250422121917.0
008 250103s9999 xx 000 0 und d
020 _a9781449688332
_qhbk
041 _aeng
082 _a362.1068
_bSHI
245 0 _a Novick & Morrow's public health administration : principles for population-based management
_c/ Edited by Leiyu Shi; James A. Johnson
250 _a3rd edition
260 _bJones & Bartlett Learning, Burlington:
_c2014
300 _a xxxii, 713 pages : illustrations ; 26 cm
500 _a Revised edition of: Public health administration / edited by Lloyd F. Novick, Cynthia B. Morrow, Glen P. Mays. 2nd ed. c2008
520 _aUnder the direction of new lead editors, Leiyu Shi and James A. Johnson, the new third edition examines the many events, advances, and challenges in the United States and the world since the publication of the prior edition of the book. With contributions from experts in areas ranging from workforce to community-based prevention to emergency preparedness, this timely and thorough revision offers detailed, comprehensive coverage of current, relevant issues for students as well as practicing public health administrators. This edition also addresses new perspectives of evidence-based public health, systems thinking, accountable care organizations, social entrepreneurship, integrated information management, disaster preparedness and response, and social media
650 _a Public Health Administration
700 _aShi, Leiyu; Johnson, James A.
942 _cENGLISH
999 _c567896
_d567896